=LDR 00000nam 2200000 4500 =001 INLIS000000000030794 =005 20130612132918 =008 ***********************************ind** =035 ##$$0010-061300000030794 =041 ##$$a ind =082 ##$$a F Rom K =090 ##$$a F Rom K, Yan m =100 ##$$a Yaniar, Renny =245 ##$$a Mawar kasih sayang Putri Saripata, Renny Yuniar =260 ##$$a 2006 $b Jakarta =300 ##$$a 23 hlm, ilus, 20 cm. (Serial putri) =650 ##$$a Fiksi Kanak-kanak =850 ##$$a NBPNMAT